| 000 | 00669cab a2200217 4500 | ||
|---|---|---|---|
| 001 | ABS42731 | ||
| 008 | 090401t1990 xxu||||| |||| 00| 0 eng d | ||
| 035 | _a(Sirsi) u38612 | ||
| 041 | _aeng | ||
| 100 | _aFlood, A. | ||
| 245 | 4 | _aThe use of trading accounts as evidence in rent reviews | |
| 260 | _c1990 | ||
| 350 | _a0 | ||
| 490 |
_aRent Review & Lease Renewal _v10(3) May 1990, 211-217(7) |
||
| 520 | _aDiscusses, with the aid of case law, the use of trading accounts as evidence in rent reviews . References. | ||
| 650 | _aBUSINESS TENANCIES | ||
| 650 | _aCOMPARABLES | ||
| 690 | _aLANDLORD AND TENANT-RENT REVIEWS | ||
| 942 | _n0 | ||
| 948 | _c04/03/1997 | ||
| 999 |
_c24813 _d24813 |
||